| 000 | 01291cad a22002415a 4500 | ||
|---|---|---|---|
| 001 | L157055 | ||
| 008 | 120824s2015 xxk 000 0 eng d | ||
| 035 | _a(Sirsi) u157055 | ||
| 041 | 0 | _aeng | |
| 110 | 2 |
_aJones Lang LaSalle _93755 |
|
| 245 | 0 | 0 |
_aGlobal market perspective _bQ1 2015 _h[electronic resource] |
| 260 |
_a[S.l.] _bJones Lang LaSalle _c2015 |
||
| 490 |
_aJones Lang LaSalle Global Market Perspective Global Foresight Series _vQ1 2015 |
||
| 520 | _aThe major global real estate markets are in better shape than at any time since the Global Financial Crisis, with the continued momentum in capital markets now supported by improving corporate occupier demand across all the main global regions and property sectors. Meanwhile, rising construction levels and developer confidence underline the strength of demand for modern space. | ||
| 590 | _aNTK KA | ||
| 650 | 2 | 4 | _aJONES LANG LASALLE GLOBAL MARKET PERSPECTIVE |
| 651 | 4 | _aInternational | |
| 690 |
_aCommercial property _96227 |
||
| 690 |
_aResidential property _96266 |
||
| 856 | 4 | 0 |
_uhttps://www.jll.com/research/137/jll-gmp-q12015 _zView the report at www.jll.com |
| 856 | 4 | 0 |
_uhttps://www.jll.com/gmp/market-perspective/view-report-archives _zView the Global Market Perspective archive at www.jll.com |
| 942 | _n0 | ||
| 999 |
_c114563 _d114563 |
||